| 000 | 02291nam0a2200433 4500 | ||
|---|---|---|---|
| 001 | RU\NLR\BIBL_A\022550098 | ||
| 005 | 20260420044914.0 | ||
| 010 |
_a979-8-887199-21-4 _bAcademic studies press |
||
| 010 |
_a978-5-907918-15-3 _bБиблиороссика _9200 |
||
| 021 |
_aRU _bКН-П-25-018905 _9КН-П-25-1920 |
||
| 035 | _a(NLR Aleph) 022550098 | ||
| 090 |
_a13673318 _c13673318 |
||
| 100 | _a20250526d2025 k y0rusy50 ca | ||
| 101 | 1 |
_arus _ceng |
|
| 102 |
_aRU _aUS |
||
| 105 | _aa z 001zy | ||
| 181 | 0 |
_ai4 _baxxe |
|
| 182 | 0 | _an | |
| 200 | 1 |
_aЯвление варваров _eКитайская литература и многоязычная Азия _fХаун Саусси _g[пер. с англ. А. Слащевой] |
|
| 203 |
_aТекст _bвизуальный _cнепосредственный |
||
| 210 |
_aСанкт-Петербург _cБиблиоРоссика _aБостон _cAcademic Studies Press _d2025 |
||
| 215 |
_a201, [1] с. _cил. _d22 |
||
| 225 | 1 |
_aСовременное востоковедение _dContemporary eastern studies |
|
| 300 | _aЗагл. и авт. ориг.: The making of barbarians: Chinese literature and multilingual Asia/Haun Saussy.-Princeton; Oxford: Princeton university press, 2022 | ||
| 300 | _aНа 4-й с. обл. авт. - профессор Чикагского университета | ||
| 320 | _aБиблиогр.: с. 167-191 | ||
| 320 | _aПредмет. указ.: с. 192-201 | ||
| 333 | _a12+ | ||
| 454 | 0 |
_12001#$aThe making of barbarians$eChinese literature and multilingual Asia$fHaun Saussy _1210##$aPrinceton$aOxford$cPrinceton university press$d2022 _1700#1$aSaussy$bH.$gHaun _1701#1 _tThe making of barbarians _aSaussy, Haun |
|
| 606 | 1 |
_aЛитература народов Азии _xПереводы на китайский язык _92675702 _3RU\NLR\AUTH\6601759557 |
|
| 606 | 1 |
_aКитайская литература _xСвязи _xЛитература народов Азии _92675703 _3RU\NLR\AUTH\6601759558 |
|
| 686 | 1 | _aШ5(5)-318.37 | |
| 686 | 1 | _aШ5(5Кит)-318.3 | |
| 700 | 1 |
_aСаусси _bХ. _gХаун |
|
| 942 | _cBOOK | ||
| 980 | _aNB | ||